History of Economic Thought (Record no. 11582)

MARC details
000 -LEADER
fixed length control field 00398nam a22001697a 4500
003 - CONTROL NUMBER IDENTIFIER
control field OSt
008 - FIXED-LENGTH DATA ELEMENTS--GENERAL INFORMATION
fixed length control field 221108b ||||| |||| 00| 0 eng d
020 ## - INTERNATIONAL STANDARD BOOK NUMBER
International Standard Book Number 9789327288254
082 ## - DEWEY DECIMAL CLASSIFICATION NUMBER
Classification number 330 PAH
100 ## - MAIN ENTRY--PERSONAL NAME
Personal name PAUL, R.R.
245 ## - TITLE STATEMENT
Title History of Economic Thought
250 ## - EDITION STATEMENT
Edition statement Reprint
260 ## - PUBLICATION, DISTRIBUTION, ETC. (IMPRINT)
Place of publication, distribution, etc New Delhi
Name of publisher, distributor, etc Kalyani Publishers
Date of publication, distribution, etc 2022
300 ## - PHYSICAL DESCRIPTION
Extent 588 p.
650 ## - SUBJECT ADDED ENTRY--TOPICAL TERM
Topical term or geographic name as entry element Economics
942 ## - ADDED ENTRY ELEMENTS (KOHA)
Source of classification or shelving scheme Dewey Decimal Classification
Koha item type Text Books
Holdings
Withdrawn status Lost status Source of classification or shelving scheme Damaged status Not for loan Collection code Home library Current library Date acquired Source of acquisition Currency Cost, normal purchase price Bill Number Total Checkouts Full call number Acc. no. / Barcode Date last seen Actual Cost, discounted price Bill Date Koha item type Date last borrowed
    Dewey Decimal Classification     B.A Economics PIET NCR College Library PIET NCR College Library 01/11/2022 Kirti Prakashan IN Rupees 450.00 IN1361   330 PAH N3135 08/11/2022 360.00 01/11/2022 Reference Books  
    Dewey Decimal Classification     B.A Economics PIET NCR College Library PIET NCR College Library 01/11/2022 Kirti Prakashan IN Rupees 450.00 IN1361 1 330 PAH N3136 21/12/2023 360.00 01/11/2022 Text Books 08/09/2023
    Dewey Decimal Classification     B.A Economics PIET NCR College Library PIET NCR College Library 01/11/2022 Kirti Prakashan IN Rupees 450.00 IN1361 3 330 PAH N3137 20/11/2023 360.00 01/11/2022 Text Books 17/10/2023

Design & Developed by: PIET Central Library
R70 Miles Stone Pattikalyana Samalkha Panipat 132102
mail ID :- [email protected], Phone No:- 0180-2569700 Ex.216